000 00263nam a22000857a 4500
008 160701b xxu||||| |||| 00| 0 eng d
100 _91740
_a A Board of Experienced Authors
245 _aSolutions to Mathematics - X
260 _aNew Delhi
_bAsha Prakas Publication
_c2005
999 _c1446
_d1446